000 00393nam a22001457a 4500
005 20241127160145.0
008 241127b |||||||| |||| 00| 0 eng d
020 _a9964721056
050 _aPQ 5
_b.3 DOL
100 _aDLOPHYNE, FLORENCE ABENA
245 _aA COURSE IN ORAL ENGLISH
_bWITH A SIMPLE TEST
260 _aACCRA
_bSEDCO PUBLISHERS
_cc1989
300 _aXIV; 185p
942 _2lcc
_cBK
_n0
999 _c1643
_d1643